[Event "Yalta op"]
[Site "Yalta"]
[Date "1995.??.??"]
[Round "9"]
[White "Golubev, Mikhail"]
[Black "Tunik, Gennady"]
[Result "1-0"]
[WhiteElo "2570"]
[BlackElo "2530"]
[Annotator "Shipov,S"]
[PlyCount "159"]
[EventDate "1995.??.??"]
[EventType "swiss"]
[EventRounds "9"]
[EventCountry "UKR"]
[SourceTitle "CBM 047 Extra"]
[Source "ChessBase"]
[SourceDate "1995.09.01"]
[SourceVersion "1"]
[SourceVersionDate "1995.09.01"]
[SourceQuality "1"]

1. e4 c5 2. Nf3 e6 3. d4 cxd4 4. Nxd4 Nc6 5. Nc3 a6 6. Be3 Qc7 7. Bd3 Nf6 8.
O-O Nxd4 9. Bxd4 Bc5 10. Bxc5 (10. Bxf6) (10. Be2) 10... Qxc5 11. Kh1 (11. Na4
Qc7 12. c4 b6 13. Qe2 Bb7 14. Rac1 d6 15. Qe3 Nd7 16. Rfd1 O-O 17. Bf1 Rfd8 18.
Qd4 Qc6 19. Nc3 Nf6 20. f3 h6 $10 {Anand,V-Ljubojevic,L/Linares/1991/}) (11. a4
) 11... b5 (11... d6 12. f4 e5 $5) 12. Qd2 (12. a3 d6 (12... Bb7 13. f4 d6 14.
Qe2 h5 15. Rae1 h4 $1 16. Rf3 Nh5 17. b4 Qa7 18. Qe3 Qxe3 19. Rexe3 $10) 13. f4
e5 14. Qe1 exf4 15. Nd5 Ng4 16. Qh4 Ra7 17. Rxf4 Ne5 $10 {Dely,P-Matulovic,M/
YUG/1959/}) 12... Bb7 13. Rae1 (13. f4 $6 b4 14. Na4 Qa5) 13... O-O $1 {N/} (
13... Qd4 $6 14. f3 $1 h6 15. e5 Nd5 16. Nxd5 Bxd5 17. c3 Qc5 18. Be4 Bxe4 $6 (
18... Bc6 $32) 19. Rxe4 $16 {Ivanchuk,V-Ljubojevic,L/Buenos Aires/1994/}) 14.
f4 (14. e5 Ng4 15. f4 f5 $1 $10) 14... e5 $2 {Ivanchuk/} (14... b4 $5 15. Na4 (
15. Nd1 e5 16. fxe5 Ng4 $10) 15... Qd4 16. e5 (16. Qe2 Bc6 17. b3 d5 $1 18. e5
Ne4 $10) 16... Ne4 17. Qe2 f5 $1 (17... d5 18. Bxe4 dxe4 19. Rd1 $16) 18. exf6
Nxf6 $10) 15. fxe5 Ng4 (15... Qxe5 16. Rf5 Qe7 17. e5 $36) 16. Nd5 $1 Nxe5 $8
17. Qg5 Nxd3 (17... Bxd5 $2 18. Qxe5) (17... Ng6 $4 18. Nf6+) (17... d6 18. b4
$1 Qa7 (18... Qd4 $2 19. Ne7+ Kh8 20. Nf5 $18) 19. Ne7+ Kh8 20. Nf5 $16) 18.
Ne7+ $1 Kh8 19. Nf5 Nf2+ (19... Rg8 20. cxd3 $16) (19... Qe5 20. cxd3) 20. Rxf2
Qe5 21. Qf4 $16 Qxf4 (21... f6 22. Nd6 Bc6 23. Nf7+ $18) (21... Qxb2 22. e5 $1
$40) 22. Rxf4 f6 (22... d5 $5) 23. Nd6 Bc6 24. Ref1 Rfb8 (24... b4 25. e5 $1)
25. h4 b4 26. h5 h6 $8 27. R1f3 a5 28. Rg3 a4 29. Rfg4 Rg8 30. Kg1 (30. Nf5 $5
Rae8 $13) 30... a3 $5 31. b3 Kh7 $2 (31... Ra5 32. Nf5 Bxe4 33. Nxh6 Rf8 34.
Rxg7 Rg5 $16) 32. Nf5 Rae8 33. Rxg7+ Rxg7 34. Rxg7+ Kh8 35. Rf7 Rxe4 (35... Re6
$5) 36. Rf8+ Kh7 37. Rxf6 Re1+ (37... Re2 38. Rxh6+ Kg8 39. Rg6+ Kh7 40. Nd4
$18) 38. Kh2 Ra1 39. Rxh6+ Kg8 40. Rg6+ Kh8 (40... Kf7 41. Rg7+ Kf6 42. h6 $18)
41. Rh6+ Kg8 42. Ne7+ Kf7 (42... Kg7 43. Rg6+) 43. Nxc6 dxc6 44. Rxc6 $18 Rxa2
45. Rc4 Rb2 46. Rxb4 Rxc2 47. Rb7+ (47. Ra4 $32 a2 48. Kh3 $18) 47... Kf6 48.
h6 Kg6 49. h7 Rc8 50. Ra7 Rh8 51. Rxa3 Rxh7+ 52. Kg3 Rb7 53. Kf4 Kf6 54. Ke4
Rb8 55. Kd4 Rd8+ 56. Kc4 Rc8+ 57. Kd5 Rd8+ 58. Kc5 Rc8+ 59. Kb5 Rb8+ 60. Kc6
Ke6 61. Kc7 Rb4 62. Ra6+ Ke5 63. Rb6 Rg4 64. Rb5+ Ke6 65. Rc5 Rb4 (65... Rxg2
66. b4 $18) 66. Rc3 Kd5 67. Rd3+ Ke4 68. Rg3 Kd5 69. Rh3 Rg4 70. Rd3+ Kc5 71.
g3 Rg7+ 72. Kd8 Rg8+ 73. Ke7 Rg7+ 74. Kf6 Rg8 75. Kf5 Rf8+ 76. Ke4 Re8+ 77. Kf3
Rf8+ 78. Kg2 Rg8 79. Rf3 Rg7 80. Rf4 1-0

[Event "Biel"]
[Site "Biel"]
[Date "1995.??.??"]
[Round "9"]
[White "Shirov, Alexei"]
[Black "Zvjaginsev, Vadim"]
[Result "1-0"]
[WhiteElo "2695"]
[BlackElo "2600"]
[Annotator "Shirov,A"]
[PlyCount "53"]
[EventDate "1995.07.??"]
[EventType "tourn"]
[EventRounds "13"]
[EventCountry "SUI"]
[EventCategory "15"]
[SourceTitle "CBM 049"]
[Source "ChessBase"]
[SourceDate "1995.12.01"]
[SourceVersion "1"]
[SourceVersionDate "1995.12.01"]
[SourceQuality "1"]

1. e4 {Baburin Ribli} c5 2. Nf3 e6 3. d4 cxd4 4. Nxd4 Nc6 5. Nc3 Qc7 6. Be2 Nf6
7. Be3 (7. O-O {Ribli} b6 8. Be3 Bb7 9. Ndb5 Qb8 $13 {Magem Badals,
J-Zvjaginsev,V/Pamplona/1995/CBM46/}) 7... b6 $5 {Ribli: Nach meiner Meinung,
ist diese neue Idee im Paulsen zweischneidig.} (7... a6 $5 {Ribli}) 8. g4 $6 {
Ribli: Shirov spielt gegen Sizilianisch oft Be2,Be3,g4.} h6 9. Qd2 Nxd4 10.
Bxd4 e5 11. Nb5 $8 {Weiss opfert einen Bauern, weil er die Initiative behalten
will.} (11. Be3 $2 Bb4 12. f3 Bb7 $17 (12... Bb7 {Ribli} 13. O-O-O O-O-O $13 {
/\ d5})) 11... Qb8 12. Be3 Nxe4 (12... a6 13. Nc3 Bb4 14. f3 Qc7 $13) 13. Qd3
a6 (13... Nc5 14. Bxc5 Bxc5 15. Bf3 Bb7 16. O-O-O O-O 17. Nc3 $44) (13... Bb4+
$5 14. c3 Be7 $13 {Zvjaginsev}) (13... Bb7 {Ribli} 14. O-O-O Nf6 15. Rhe1 $44)
14. Bf3 axb5 15. Bxe4 Ra4 {Ribli: Droht /\ Rxe4,Bb7} 16. Bd5 {Ribli: Dieser
Riesenlaeufer auf d5 stoert Schwarz sehr. Weiss hat mehr als genug Kom-
pensation fuer den geopferten Bauern.} Bc5 17. O-O-O {Wenn man die Stellung
genau prueft, dann merkt sofort, dass Schwarz grosses Problem mit seinem
Koenig hat.} O-O $2 (17... Qc7 18. Rhg1 $40 {with the idea 19 g5}) (17... Bb7
$2 {Ribli} 18. Bxf7+ $1 Kxf7 19. Qf5+ Kg8 20. Rxd7 $16) 18. g5 {Baburin: A
nice illustration of the basic principle which says that any pawn advanced in
front of the King which is under attack, helps the opponent to open files on
that flank.} hxg5 19. Rhg1 g4 (19... e4 20. Qc3 Bxe3+ 21. fxe3 $1 (21. Qxe3 Qf4
22. Rxg5 Qxe3+ 23. fxe3 $16 {Zviagintsev}) 21... b4 22. Qd4 $18) 20. b3 $1 {
Ribli: Schoene Ablenkung.} Rxa2 (20... e4 21. Qc3 Bb4 22. Qa1 Qc7 23. bxa4 Bc3
24. Qb1 $18) 21. Rxg4 {Ribli: Droht /\ Qg6 und dann Matt.} Qd6 (21... Ra1+ 22.
Kb2 Rxd1 23. Qg6 Ba3+ 24. Ka2 $18) 22. Kb1 Ra6 23. Rdg1 Qf6 24. Bg5 {Ribli:
Fuer den Anziehenden ist die Dame zu wenig, er will den Koenig.} Qxf2 (24...
Qd6 {Ribli} 25. Rh4 g6 26. Bf6 Qxf6 27. Qxg6+ Qxg6 28. Rxg6#) 25. Bh6 e4 (25...
Qxg1+ {Ribli} 26. Rxg1 Bxg1 27. Qg6 $18) 26. Rxg7+ (26. Qxe4 $2 Qxg1+ 27. Rxg1
Bxg1 28. Qg4 Bd4 $16) 26... Kh8 27. Qh3 {Ribli: 27...d6 28 Rg8 Rxg8 29 Bg7x So
spielt Shirov.} 1-0

[Event "Poikovsky Karpov 15th"]
[Site "Poikovsky"]
[Date "2014.05.14"]
[Round "4"]
[White "Sutovsky, Emil"]
[Black "Morozevich, Alexander"]
[Result "0-1"]
[WhiteElo "2642"]
[BlackElo "2719"]
[Annotator "Sutovsky,E"]
[PlyCount "112"]
[EventDate "2014.05.11"]
[EventType "tourn"]
[EventRounds "9"]
[EventCountry "RUS"]
[EventCategory "18"]
[SourceTitle "CBM 161"]
[Source "ChessBase"]
[SourceDate "2014.07.16"]
[SourceVersion "1"]
[SourceVersionDate "2014.07.16"]
[SourceQuality "1"]

{My games against Morozevich are always difficult and thrilling. This one was
played in the fourth round, when I had 1 out of 3, right after losing a
winning position against GM Ivan Saric. Of course I was not in the best of
spirits, but then again I was looking forward to playing an interesting game.
Who could be a better co-creator than Alexander?} 1. e4 c5 2. Nf3 e6 ({Ten
years ago I managed to win an important game against Alexander in the decisive
final round of the 4NCL, using my pet Rossolimo system. But I guess that game
was not the reason why he didn't play} 2... Nc6 {this time :)}) 3. Nc3 Nc6 4.
d4 cxd4 5. Nxd4 Qc7 6. Be3 a6 7. Qd2 {I opted for the most ambitious set-up,
being ready for the main move 7...Nf6. But here Morozevich plays a cunning
move.} Be7 $5 {This looks weird, but actually has its logic: After 7...Nf6
White's most popular reply 8.f4 creates certain problems, while now 8.f4 can
be met by 8...b5!.} 8. O-O-O {Logical, but I really was taking too much time
here, trying to refute Black's setup. Of course, choosing between the move in
the game and 8.f4, 8.f3, 8.Be2 or even 8.Nf5?! is not easy, but spending over
20 minutes on that decision was highly impractical.} Nf6 9. f4 (9. f3 {was
another option, but I decided to go for immediate action.}) 9... b5 10. e5 b4
11. exf6 bxc3 12. Qxc3 Bxf6 13. g4 Bb7 {Another quick reply, which surprised
me. I knew that 13...h6 had been played in a couple of games - as this
position could have been reached in a different move order. But just 13...Bb7,
allowing White to expand even further?} 14. g5 Bxd4 {Here I spent some more
time trying to make 15.Bxd4 work, but it doesn't:} 15. Rxd4 (15. Bxd4 Qxf4+ 16.
Be3 Qe5 {and Black is in time to remove his king from the centre:} (16... Nb4
$5 {is also not bad}) 17. Qa3 $2 Nb4 $1) 15... O-O 16. Rd2 Rfc8 17. Rg1 {
White is set for his play on the kingside, but Black's counterplay on the
other half of the board is not to be underestimated. Besides, I was down to 45
minutes versus 1:30 on my opponent's clock.} Qd8 18. Bd4 $2 {Not the best move.
} ({I saw the correct} 18. Qb3 Rab8 19. Qb6 {but rightly rejected it on
account of} Qxb6 20. Bxb6 Nb4 {However, there was a stronger option - 19.Bc5!,
when White is better, although the position still remains complex.}) 18... Ne7
19. Qd3 Qa5 $6 ({after} 19... Nf5 $1 20. Bh3 Nxd4 21. Qxd4 Bd5 $1 {it is White,
who has to play carefully in order to parry Black's threats on the queenside
and equalise.}) 20. a3 Qa4 $2 (20... Nf5 21. Bh3 Nxd4 22. Qxd4 Rab8 {was still
OK for Black. The move played by Morozevich is venomous, but objectively it
passes the advantage to White.}) 21. Bh3 Nd5 {And here I spotted the move
which was nearly winning. Then I saw his counterplay and then I realised that
I couldn't calculate it until the end. Well, I could manage to, but not with
25 minutes left on the clock. After some desperate attempts to make sure it
worked, I opted for the move in the game, which promised an advantage in a
relatively quiet position. What a shame!} 22. Kb1 ({Now, let's have a look at
a beautiful win I missed:} 22. Qe4 $3 {Strangely enough, Morozevich didn't
even see this move during the game. Now, the move 23.Qe5 is a deadly threat,
so he has to go for} Nb4 23. Qxb7 (23. Qe5 {unfortunately loses to} Nd3+ $1)
23... Nxc2 24. Bc3 Nxa3 (24... Nd4 25. Qb4 Nb3+ 26. Kd1 Qxb4 27. axb4 Nxd2 28.
Kxd2 $18) 25. Qxd7 Nb5 {and now not 26.Be6, which I was calculating, but} 26.
Rg3 $1 (26. Bxe6 Qa1+ 27. Kc2 Rxc3+ 28. bxc3 Qxc3+ 29. Kd1 fxe6 {and although
White is objectively better, it is very difficult to play with such an exposed
king.}) {and Black doesn't have anything better than} 26... Nxc3 (26... Qa1+
27. Kc2 Qa4+ 28. Kb1 Qe4+ 29. Kc1 Nxc3 30. Rxc3 Rxc3+ 31. bxc3 Qxf4 {leads to
the same position.}) 27. Rxc3 Rxc3+ 28. bxc3 Qxf4 {when White's technical task
might not be simple, but the position is pretty one-sided, to be sure.
Unfortunately, I saw a clear advantage after 22.Kb1 and opted for it instead...
}) 22... Nxf4 23. Qe3 Ng6 (23... Nxh3 24. Qe5 {is bad for Black.}) 24. Rf1 {
Now I thought that Black can't properly protect the f7-pawn and has to give up
an exchange. While opting for 22.Kb1, I evaluated this position as technically
winning, which is not the case. Black has certain compensation and parrying
all his tricks in time trouble is not an easy task... In fact, Black didn't
even have to give up an exchange here, so 22.Kb1 was a wrong decision from
every point of view!} Qb5 (24... Bd5 $1 25. Qf2 e5 $1 26. Bxe5 Nxe5 27. Rxd5 {
looks bad for Black, but somehow after} Nc4 {he generates just enough
counterplay to deliver (or to get) a perpetual...The move made by Alexander
leads to a clear advantage for White, but... see the previous comment...}) 25.
Qf2 Rf8 26. Bc5 Ne5 27. Bxf8 Rxf8 28. Rd4 Bd5 29. Rb4 Qc6 30. Qa7 {Too far. 30.
Qb6 was stronger, but I was not sure about the ending after} (30. Qb6 Qxb6 (
30... Qc8 {was Morozevich's intention. But after} 31. Rf2 {, covering the
vitally important second rank, Black's compensation is clearly insufficient.})
31. Rxb6 Nc4 32. Rxa6 Nd2+ 33. Kc1 Nxf1 34. Bxf1 f6 {It actually turns out to
be difficult for Black after} 35. gxf6 Rxf6 36. Bb5 $16) 30... Qc8 (30... Rc8
31. c3 Nf3 {was already good for Black, but we were both running out of time...
}) 31. Rbf4 Nc4 32. R4f2 (32. R1f2 $1 {was better, but removing the rook from .
..e6-e5 seemed much more natural in time trouble.}) 32... g6 33. Bg2 {I saw
his combination, but misevaluated the position at the end of the line. After
the correct 33.Rd1! followed by Bf1 White has every chance to convert his
material advantage. But we were making moves faster than I can type these
words...} Bxg2 34. Rxg2 Qc6 35. Rgf2 Qb5 36. Qd4 Nxa3+ 37. Kc1 Nc4 {Here I had
intended 38.b3, knocking away the knight and remaining clearly better. But
suddenly I noticed that the pawn on g5 is taken with check. So I had to spend
precious time, protecting it.} 38. h4 d5 $1 39. b3 Nd6 40. h5 {Panic on move
40 without much of a reason. After} (40. Rh1 $1 {White is in no real danger -}
Nf5 (40... Ne4 41. h5 $1 Nxf2 42. h6 f6 43. Qa7 Rf7 44. Qa8+ Rf8 45. Qa7 $11)
41. Qf4 {and I am in time to generate sufficient play on the kingside.}) 40...
gxh5 41. Rh1 Nf5 42. Qf6 (42. Qd1 $1 {was a better try, but pardon my
reluctance to investigate how high are the drawing chances in the following
line:} h4 43. Rxf5 exf5 44. Qh5 Qc6 45. Qxh4 Qg6 {It is very unpleasant for
White, but possibly holdable due to the exposed black king. The move in the
text seems more juicy, but unfortunately it gets refuted.}) 42... Qc5 {The
only way! Black smartly uses geometrical motifs.} 43. Rxf5 exf5 44. Rxh5 Re8 {
I am pretty close to delivering the perpetual, but mate is delivered first...
So I am forced to retreat and the rest is just a matter of simple technique.}
45. Rh1 Qe3+ 46. Kb1 Qe6 47. Rh6 a5 48. Ka2 Qe4 49. Rh2 a4 50. Kb2 Re6 51. Qc3
axb3 52. cxb3 f4 53. b4 d4 54. Qc8+ Re8 55. Qc4 Qe3 56. b5 f3 {A rather
painful loss. White was in control for the most time, but poor time management
led to a couple of hasty decisions, which cost me the game. As for Morozevich:
he was ready for a sharp battle and, although he can't be particularly proud
of this game, his strategy prevailed and brought him an important point. After
this win he was on 3.5/4 and making five draws in the last games was enough to
win the tournament. As for myself: I could comfort myself with the fact that
at least even my worst tournament ever included several exciting games. Quite
a poor reward for such an awkward performance, to be sure. But there are new
tournaments coming soon - and hopefully next time I'll have an opportunity to
comment for you on a good victory, and not just another almost won game :)} 0-1

[Event "Moscow Nutcracker"]
[Site "Moscow"]
[Date "2014.12.20"]
[Round "1.3"]
[White "Oparin, Grigoriy"]
[Black "Morozevich, Alexander"]
[Result "1-0"]
[WhiteElo "2543"]
[BlackElo "2712"]
[Annotator "Szabo,Kr"]
[PlyCount "119"]
[EventDate "2014.12.20"]
[EventType "schev"]
[EventRounds "4"]
[EventCountry "RUS"]
[SourceTitle "CBM 164"]
[Source "ChessBase"]
[SourceDate "2015.01.15"]
[SourceVersion "1"]
[SourceVersionDate "2015.01.15"]
[SourceQuality "1"]
[WhiteTeam "Princes"]
[BlackTeam "Kings"]
[WhiteTeamCountry "RUS"]

1. e4 c5 2. Nf3 e6 3. d4 cxd4 4. Nxd4 Nc6 5. Nc3 Qc7 6. Be3 a6 7. Qf3 {This is
an unusual move in this type of position, but White prepares for 0-0-0 and
sometimes Qg3.} Nxd4 {A rare move. Black prepares for ...Ne7-c6.} (7... Nf6 {
is the main line.}) 8. Bxd4 Ne7 9. Qe3 b5 10. O-O-O Bb7 (10... d6 $6 11. Bb6
Qc6 (11... Qb8 12. Bxb5+ axb5 13. Nxb5 $40) 12. Bxb5 $1 axb5 13. Rxd6 $3 {
What a brilliant tactical blow!} Qxd6 14. Nxb5 {Black's K is in the middle, so
White can attack it.} Qe5 15. Nc7+ Kd7 16. Rd1+ Kc6 17. Nxa8 Ng6 18. Qb3 Qb5
19. Qc3+ Bc5 20. e5 $18 {and White is winning, Vandenbussche-Malakhatko,
Antwerp 2011.}) (10... Rb8 $5 {was an interesting alternative to avoid Bb6.})
11. f4 (11. Kb1 {was also possible,} Rc8 12. Bd3 (12. a3 $5) 12... Ng6 13. e5
Bc5 14. f4 O-O (14... Bxg2 15. Rhg1 Bxd4 16. Qxd4 Bc6 17. Rg3 $44 {with some
compensation for the P.}) 15. Bxc5 (15. Rhe1 $6 {(Bobras-Macieja, Opole 2007)}
Bxg2 16. f5 exf5 17. Bxf5 Bxd4 18. Qxd4 Rce8 {and Black is a healthy P up.})
15... Qxc5 16. Qd2 {with a balanced position.}) 11... f6 $6 $146 {A dubious
move. Black weakens his position, which will be a big problem for him in the
middlegame.} (11... Rc8 12. Bd3 Nc6 13. Bb6 Qb8 14. Kb1 Bb4 15. Ne2 Ba5 16.
Bxa5 Nxa5 17. Ng3 $14 {Shirov-Kittlitz, Hamburg sim 2005}) 12. Be2 ({The
natural} 12. Kb1 $5 {was the alternative.}) 12... Rc8 {Black is threatening ...
b4.} 13. Rd2 (13. a3 $1 {was more accurate} h5 14. Kb1 $36 {and Black has some
weaknesses, White's chances are better.}) 13... h5 {A strange move, but Black
wants to avoid Bh5. Nevertheless he has a development disadvantage.} ({In the
event of} 13... Ng6 14. Bh5 $1 (14. g3 $6 e5 $1 15. Bb6 Bc5 16. Bxc5 Qxc5 17.
Qxc5 Rxc5 {and Black can try to hold.}) (14. f5 $5) 14... b4 (14... Bd6 15. e5
$1 $16) 15. Ne2 Qa5 16. f5 Qxa2 (16... Be7 17. Kb1 exf5 18. Bb6 Qe5 19. exf5
Qxf5 20. Ng3 Qe6 21. Re1 $16) 17. Kd1 $1 $16 {and finally White is much better.
}) 14. Rhd1 {White is threatening Bb6!} (14. Kb1 $5) 14... Bc6 {Black had to
protect the d7 P.} 15. Bf3 (15. a3 $5 {was also an interesting option to avoid
...b4.}) 15... b4 16. Ne2 f5 {Black tries to create some counterplay in the
centre, but his pieces are passive and there are some weaknesses in his
position.} 17. Be5 $1 {The strongest reply by Oparin!} Qb7 18. exf5 Nxf5 19.
Bxc6 Qxc6 20. Qd3 $1 Qb5 {Black sacrifices his d7-P, because his K is in the
centre, White's initiative is very strong.} 21. Qxb5 {White accepts the P and
he has a better endgame.} ({Nevertheless} 21. Qb3 $16 {was also a nice choice
to keep the Qs.}) 21... axb5 22. Rxd7 Ne3 23. R1d2 h4 {Black wants to activate
his R from h5.} ({In the event of} 23... Nxc2 {White plays the cool-blooded}
24. Kb1 $1 Ne3 25. Rb7 $16 {and White is better.}) 24. Rb7 (24. Bxg7 Rh7) 24...
Nc4 25. Rd3 Nxe5 26. fxe5 Rh5 27. Rxb5 Bc5 28. Rb7 $6 {An inaccuracy. Now
Black gets some counterchances.} ({The engine suggests} 28. Kd1 $1 {to protect
his N,} Rxe5 29. c3 $16 {and still White's chances are better.}) 28... Rxe5 {
Suddenly Black becomes active. He is a P down, but his B is strong.} 29. Kd1
Rf5 $2 {An unexpected mistake. Black simply gives away his g7-P.} (29... Ra8 $1
{was correct} 30. Nc1 (30. Rxg7 Rxa2 $132) 30... Rg5 {with some compensation
for the P.}) 30. Rxg7 Bf8 31. Rh7 $1 {Otherwise ...Rf1 followed by ...Bh6.}
Rf1+ 32. Kd2 Rb1 $6 {Loses immediately, but Black's position was already bad.}
(32... Rf2 33. Rxh4 Rxg2 34. Rf3 $16) 33. Nd4 $1 $18 {A very strong reply!
White doesn't protect his b2-P, he immediately activate his N.} Rg1 (33... Rxb2
34. Re3 $1 $18 {and Black can resign.}) 34. Re3 (34. Nxe6 Rxg2+ 35. Ke3 $18 {
was also winning for White.}) 34... Rxg2+ 35. Kd3 {Now White's pieces are
wonderfully well placed.} Rg7 36. Rxh4 Rd7 37. Rxe6+ Kf7 38. Rf4+ Kg8 39. Rg6+
Bg7 40. Rb6 Rf8 41. Rxf8+ Bxf8 42. Rg6+ Kh7 43. Rg4 {White is 3 Ps up, Black's
situation is hopeless.} Ra7 44. Nc6 Rd7+ (44... Rxa2 45. b3 $18) 45. Rd4 Rb7
46. Kc4 Kg6 47. Rd7 Rb6 48. Ne5+ Kg5 49. Nd3 Rh6 50. Kb3 Rh3 51. Rd4 Be7 52.
Rc4 Kf5 53. Ka4 Rxh2 54. Nxb4 Ke6 55. Kb3 Rh3+ 56. c3 Rh2 57. a4 Kd7 58. a5 Bd8
59. a6 Bb6 60. Nd5 1-0